000
00342nam a2200133Ia 4500
003
GCL
008
140319s9999 xx 000 0 ara d
040
_a
GCL /
_c
GCL
082
0
4
_a
ط
_b
813.03
_b
ك ا
100
1
_a
كامل كيلانى
245
1
0
_a
ابن جبير /
_c
كامل كيلانى
300
_a
287 ص
490
_a
قصص عربية
_v
0
999
_c
51219
_d
51219